What Is Europe?

This authoritative yet accessible introduction to understanding Europe today moves beyond accounts of European integration to provide a wide-ranging and nuanced study of contemporary Europe and its historical development. This fully updated edition adds material on recent developments, such as Brexi...

Full description

Bibliographic Details
Main Author: Triandafyllidou, Anna.
Other Authors: Gropas, Ruby.
Format: eBook
Language:English
Published: Milton : Taylor & Francis Group, 2022.
Edition:2nd ed.
Subjects:
Online Access:Click to View
LEADER 01774nam a22003853i 4500
001 EBC7245374
003 MiAaPQ
005 20231204023229.0
006 m o d |
007 cr cnu||||||||
008 231204s2022 xx o ||||0 eng d
020 |a 9781000778151  |q (electronic bk.) 
020 |z 9781032243931 
035 |a (MiAaPQ)EBC7245374 
035 |a (Au-PeEL)EBL7245374 
035 |a (OCoLC)1378935153 
040 |a MiAaPQ  |b eng  |e rda  |e pn  |c MiAaPQ  |d MiAaPQ 
082 0 |a 940.56 
100 1 |a Triandafyllidou, Anna. 
245 1 0 |a What Is Europe? 
250 |a 2nd ed. 
264 1 |a Milton :  |b Taylor & Francis Group,  |c 2022. 
264 4 |c Ã2023. 
300 |a 1 online resource (279 pages) 
336 |a text  |b txt  |2 rdacontent 
337 |a computer  |b c  |2 rdamedia 
338 |a online resource  |b cr  |2 rdacarrier 
520 |a This authoritative yet accessible introduction to understanding Europe today moves beyond accounts of European integration to provide a wide-ranging and nuanced study of contemporary Europe and its historical development. This fully updated edition adds material on recent developments, such as Brexit and the migrant and Eurozone crises. 
588 |a Description based on publisher supplied metadata and other sources. 
590 |a Electronic reproduction. Ann Arbor, Michigan : ProQuest Ebook Central, 2023. Available via World Wide Web. Access may be limited to ProQuest Ebook Central affiliated libraries.  
655 4 |a Electronic books. 
700 1 |a Gropas, Ruby. 
776 0 8 |i Print version:  |a Triandafyllidou, Anna  |t What Is Europe?  |d Milton : Taylor & Francis Group,c2022  |z 9781032243931 
797 2 |a ProQuest (Firm) 
856 4 0 |u https://ebookcentral.proquest.com/lib/matrademy/detail.action?docID=7245374  |z Click to View